| 000 | 00498nam a22002057a 4500 | ||
|---|---|---|---|
| 003 | OSt | ||
| 005 | 20250612162518.0 | ||
| 008 | 250612b |||||||| |||| 00| 0 eng d | ||
| 020 | _a9781266817441 | ||
| 040 |
_aKABU _cKABU |
||
| 050 |
_aQD31.3 _b.O94 2025 |
||
| 100 | _aOverby, Jason | ||
| 245 |
_aChemistry / _cJason Overby |
||
| 250 | _a15th ed. | ||
| 260 |
_aNew York: _bMcGraw-Hill, _c2025 |
||
| 300 | _axxvii, 1087p. | ||
| 500 | _aIncludes index | ||
| 650 | _aChemistry | ||
| 942 |
_2lcc _cBK |
||
| 999 |
_c20727 _d20726 |
||